000 01082cam a2200229 4500
001 WB4019-20
008 040519n2004 000 0 eng u
035 _a(Sirsi) u126230
245 _aDisclosure requirements: draft regulations
260 _c2004
490 _aInland Revenue
_v(24/04) 17 May 2004 (1)
520 _aThe Inland Revenue publishes draft regulations setting out details of the new obligations on promoters and users of certain tax schemes and arrangements to disclose those details. The regulations include procedural rules that set out how and when disclosures need to be made and also details of the financial and employment based arrangements that must be notified under the disclosure rules. For the Inland Revenue news release: http://www.inlandrevenue.gov.uk/drafts/disclosure. htm
590 _aWB
590 _aWB
650 _aINLAND REVENUE
650 _aDISCLOSURE REQUIREMENTS
650 _aDISCLOSURE RULES
650 _aTAX POLICY
650 _aTAX AVOIDANCE SCHEMES (INFORMATION) REGULATIONS 2004
690 _aTAXATION
942 _n0
999 _c117372
_d117372